Movies Quiz

Random Movies or Country Quiz
Score 0/12 Timer 06:00
0 Plays Today
can you name the countries in LOTR % Correct
Full of midgetsThe Shire
93.3%
very hot, but not good for a holidayMordor
86%
Full of dwarvesMoria
78.6%
Old trees, great for campingFangorn
74.4%
a brand of trousersRohan
69.8%
Agent smith's houseRivendell
64.2%
Full of cobwebs, spiders and elvesMirkwood
62.2%
Very whiteMinas tirith
56.7%
Home of Francisco ScaramangaIsengard
49%
In a birch forestLothlorien
48.8%
On a hill, home to some old guyEdoras
26.4%
Hoodies on fireWeathertop
22%
Remove Ads.
Support Sporcle.
Get the best of Sporcle when you Go Orange. This ad-free experience offers more features, more stats, and more fun while also helping to support Sporcle. Thank you for becoming a member.

You're not logged in!

Compare scores with friends on all Sporcle quizzes.
OR
Log In

Show Comments

Extras

Top Quizzes Today


Score Distribution

Your Account Isn't Verified!

In order to create a playlist on Sporcle, you need to verify the email address you used during registration. Go to your Sporcle Settings to finish the process.

Report this User

Report this user for behavior that violates our Community Guidelines.

Details: